Normal view
MARC view
Entry Personal Name
001 - CONTROL NUMBER
- control field: 44246
003 - CONTROL NUMBER IDENTIFIER
- control field: ARRUPE
005 - DATE AND TIME OF LATEST TRANSACTION
- control field: 20190129144805.0
008 - FIXED-LENGTH DATA ELEMENTS
- fixed length control field: 190129|| aca||aabn | a|a d
040 ## - CATALOGING SOURCE
- Original cataloging agency: ARRUPE
- Transcribing agency: ARRUPE
100 ## - HEADING--PERSONAL NAME
- Personal name: Goodwin, Astley John Hilary,
- Dates associated with a name: 1900-1959.
670 ## - SOURCE DATA FOUND
- Source citation: Work cat.: (ARRUPE)0: Goodwin, Astley John Hilary, 1900-1959., Method in prehistory., 1953